| 000 | 00343nam a2200109Ia 4500 | ||
|---|---|---|---|
| 008 | 190925s9999 xx 000 0 und d | ||
| 020 | _a978-1-481-07546-6 | ||
| 245 | _a170 hotel managements training tutorials | ||
| 260 |
_aUSA Lexington, KY : _bHotelier Tanji _c2015 |
||
| 300 |
_a320 pages _bblack & white graphs |
||
| 650 | _a Hotel management. | ||
| 999 |
_c362227 _d362227 |
||